Transportation Planning: Principles, Practices and Policies - 2nd edition (Record no. 535209)
[ view plain ]
| 000 -LEADER | |
|---|---|
| fixed length control field | 00386nam a22001337a 4500 |
| 020 ## - INTERNATIONAL STANDARD BOOK NUMBER | |
| International Standard Book Number | 978-8120353190 |
| 040 ## - CATALOGING SOURCE | |
| Transcribing agency | MSOHAIL |
| 082 ## - DEWEY DECIMAL CLASSIFICATION NUMBER | |
| Classification number | 388 |
| Author Mark | SAR |
| 100 ## - MAIN ENTRY--PERSONAL NAME | |
| Personal name | Pradip Kumar Joshi, G.J., Maitri, Vinay, Sarkar |
| 9 (RLIN) | 29656 |
| 245 ## - TITLE STATEMENT | |
| Title | Transportation Planning: Principles, Practices and Policies - 2nd edition |
| 260 ## - PUBLICATION, DISTRIBUTION, ETC. | |
| Place of publication, distribution, etc. | PHI |
| Name of publisher, distributor, etc. | India |
| Date of publication, distribution, etc. | c2017 |
| 300 ## - PHYSICAL DESCRIPTION | |
| Extent | 508;pxv |
| 942 ## - ADDED ENTRY ELEMENTS (KOHA) | |
| Source of classification or shelving scheme | |
| Koha item type | Book |
| Edition | 2nd |
| Withdrawn status | Lost status | Source of classification or shelving scheme | Damaged status | Not for loan | Permanent Location | Current Location | Date acquired | Total Checkouts | Total Renewals | Full call number | Barcode | Date last seen | Date last checked out | Price effective from | Koha item type |
|---|---|---|---|---|---|---|---|---|---|---|---|---|---|---|---|
| School of Civil and Environmental Engineering (SCEE) | School of Civil and Environmental Engineering (SCEE) | 08/31/2020 | 1 | 1 | 388 SAR | NIT-13098 | 07/04/2022 | 04/25/2022 | 08/31/2020 | Book |
